000
00212nam a2200097Ia 4500
005
20251222114347.0
008
251222s1900||||xx |||||||||||||| ||spa||
082
_a
DVD0180/N16/2003
245
0
_a
El aro:
942
_c
DVD
999
_c
1101
_d
1101